000 01110nam0a2200325 4500
001 RU\NLR\bibl\99539
005 20260406081821.0
010 _a5-89676-054-X
_910000
021 _aRU
_b2000-12715
_9622
035 _a(NLR Aleph) 000097317
090 _a548241
_c548241
100 _a20000721d2000 |||y0rusy50 ca
101 0 _arus
102 _aRU
105 _aa |||||||||
200 1 _aКурочка Ряба
_e[Для детей дошк. возраста
_fАвт. и худож. С.В. Михайлов]
210 _aМ.
_cЧ.А.О. и К°
_d2000
215 _a[11] с.
_cцв. ил.
_d22
225 1 _aДля малышей
225 1 _aЛадушки
300 _aАвт. указан на 4-й с. обл.
686 _aШ9(2)3=Р-2
700 1 _4070
_8rus
_7ca
_aМихайлов
_bС. В.
_cдетский писатель, иллюстратор
_gСергей Викторович
_3RU\NLR\auth\7746675
_929610
801 0 _aRU
_bNLR
_c20000721
_gPSBO
801 1 _aRU
_bNLR
_c20000721
852 _aNLR
_j2000-6/321
942 _cBOOK
980 _aNB